An introduction to transistor circuits / (Record no. 182330)

000 -LEADER
fixed length control field 00792 a2200181 4500
003 - CONTROL NUMBER IDENTIFIER
control field Nust
005 - DATE AND TIME OF LATEST TRANSACTION
control field 20240913104908.0
040 ## - CATALOGING SOURCE
Transcribing agency Nust
082 ## - DEWEY DECIMAL CLASSIFICATION NUMBER
Classification number 621.381528,COO
100 ## - MAIN ENTRY--PERSONAL NAME
Personal name Yarborough ,E.H.Cooke
9 (RLIN) 104013
245 ## - TITLE STATEMENT
Title An introduction to transistor circuits /
Statement of responsibility, etc. E.H.Cooke-Yarborough
260 ## - PUBLICATION, DISTRIBUTION, ETC.
Place of publication, distribution, etc. Oliver and Boyd
Name of publisher, distributor, etc. Uinted Kingdom Atomic Energy
Date of publication, distribution, etc. 1960
300 ## - PHYSICAL DESCRIPTION
Extent xii,158 p
Other physical details illus
Dimensions 24 cm
505 ## - FORMATTED CONTENTS NOTE
Formatted contents note Transistor Action (Page-1), Low Frequency Amplification (Page-29), The Performance Of Transistor Amplifier Circuits (Page-49), Pulse Circuits (Page-79), Some Circuit Applications Of Transistors (Page-115), The Application Of Transistors In Automatic Computers (Page-137).
600 ## - SUBJECT ADDED ENTRY--PERSONAL NAME
Personal name Yarborough ,E.H.Cooke
9 (RLIN) 104013
650 ## - SUBJECT ADDED ENTRY--TOPICAL TERM
Topical term or geographic name entry element Telecommunication Engineering
942 ## - ADDED ENTRY ELEMENTS (KOHA)
Source of classification or shelving scheme
Koha item type Book
Holdings
Withdrawn status Lost status Source of classification or shelving scheme Damaged status Not for loan Permanent Location Current Location Shelving location Date acquired Full call number Barcode Date last seen Price effective from Koha item type Public note
          Military College of Signals (MCS) Military College of Signals (MCS) General Stacks 12/12/2016 621.381528,COO MCS21953 12/08/2016 12/12/2016 Book Almirah No.34, Shelf No.1
          Military College of Signals (MCS) Military College of Signals (MCS) General Stacks 12/12/2016 621.381528,COO MCS22259 12/08/2016 12/12/2016 Book Almirah No.34, Shelf No.1
          Military College of Signals (MCS) Military College of Signals (MCS)   12/12/2016 621.381528,COO MCS7389 12/08/2016 12/12/2016 Book Almirah No.34, Shelf No1
© 2023 Central Library, National University of Sciences and Technology. All Rights Reserved.